000 00379nam a2200133Ia 4500
008 230907s9999||||xx |||||||||||||| ||und||
082 _a813.6
_bMAA
100 _aMaas, Sarah J.
_9115832
245 0 _aThrone of glass /
260 _aBloomsbury,
_bNew York :
_c2012
300 _a406 p. ;
650 _aEnglish Literature Fiction. Fiction. Fiction. Fiction.
_9115833
942 _cBK
999 _c599822
_d599822